000 00697nam a22002417a 4500
999 _c35141
_d35141
001 4556
003 CO-MdFUSB
005 20180622073144.0
008 180322t1980 xxu||||| |||| 00| 0 spa d
020 _a0-311-04351-8
040 _aCO-MdFUSB
_bspa
_cCO-MdFUSB
_dCO-MdFUSBC
_erda
041 0 _aspa
082 0 4 _aG 227.6 R632f
100 1 _aRobbins, Frank
_eautor
245 1 0 _aFilipenses
_b: Alegrense en el Señor
_c/ Frank Robbins
264 4 _aEl Paso, TX., USA :
_bCasa Bautista de Publicaciones,
_c©1980
300 _a160 Pag
336 _2rdacontent
_atexto
_btxt
337 _2rdamedia
_asin mediación
_bn
338 _2rdacarrier
_avolumen
_bnc
653 _aBiblia N.T.
942 _cBK